|
|
|
|
| LEADER |
01200na a2200325 4500 |
| 001 |
000031892 |
| 003 |
7454 |
| 005 |
20230223092341.0 |
| 008 |
151001s2006 000 eng |
| 040 |
|
|
|a LNN
|
| 041 |
|
|
|a eng
|
| 082 |
|
|
|a 420.3
|b LÊ-T
|2 Cultural Features
|
| 100 |
|
|
|a Lê Thị Anh Thư
|
| 245 |
|
3 |
|a An Analysis of Cultural Features in English Translation of Vietnamese Folktales /
|c Lê Thị Anh Thư
|n Cultural Features
|
| 260 |
|
|
|c 2006.
|
| 300 |
|
|
|a 74tr. : mh ; 30cm.
|
| 650 |
|
|
|a An Analysis of Cultural Features in English Translation of Vietnamese Folktales, Cultural, 2006, 74TR
|
| 852 |
|
|
|c Luận văn sinh viên
|
| OWN |
|
|
|a LNN
|
| AVA |
|
|
|a UDN50
|b LNN
|c English
|d 420.3 LÊ-T
|e available
|t Error 5001 Not defined in file expand_doc_bib_avail.
|f 2
|g 0
|h N
|i 0
|j AN
|k 1
|
| 999 |
|
|
|a From the UDN01
|
| AVA |
|
|
|a UDN50
|b LNN
|c English
|d 420.3 LÊ-T
|e available
|t Error 5001 Not defined in file expand_doc_bib_avail.
|f 2
|g 0
|h N
|i 0
|j AN
|k 1
|
| TYP |
|
|
|a Printed language
|
| 980 |
|
|
|a Mạng thư viện Đại học Đà Nẵng
|